000 00725nam a2200229Ii 4500
003 JO-AjNU
008 230605s9999||||xx |||||||||||||| ||und||
017 _a2009/16420
020 _a978-977-422-177-7
040 _aJO-AjNU
_bara
_erda
_cJO-AjNU
041 _aara
050 1 4 _aHB172.A2335.2010
100 3 _aعبد الحميد،عبد المطلب,
_eauthor
_932671
245 0 0 _aالاقتصاد الكلي النظرية والسياسات
250 _aط1
264 3 1 _aالاسكندرية:الدار الجامعية،2010
300 _a497ص
336 _atext
_btxt
_2rdacontent
337 _aunmediated
_bn
_2rdamedia
338 _avolume
_bnc
_2rdacarrier
650 4 _aالاقتصاد الكلي
_932672
999 _aA13217
_c16785
_d16785